<?xml version="1.0" encoding="UTF-8"?>
<record
    xmlns:xsi="http://www.w3.org/2001/XMLSchema-instance"
    xsi:schemaLocation="http://www.loc.gov/MARC21/slim http://www.loc.gov/standards/marcxml/schema/MARC21slim.xsd"
    xmlns="http://www.loc.gov/MARC21/slim">

  <leader>01985nam a22001937a 4500</leader>
  <controlfield tag="003">OSt</controlfield>
  <controlfield tag="005">20260429090452.0</controlfield>
  <controlfield tag="008">260429b        |||||||| |||| 00| 0 eSP d</controlfield>
  <datafield tag="100" ind1=" " ind2=" ">
    <subfield code="a">Gabriel Garcia M&#xE1;rquez </subfield>
    <subfield code="d">Miguel &#xC1;ngel Asturias </subfield>
  </datafield>
  <datafield tag="245" ind1=" " ind2=" ">
    <subfield code="a">Utop&#xED;a y Barbarie </subfield>
  </datafield>
  <datafield tag="260" ind1=" " ind2=" ">
    <subfield code="a">QUITO-ECUADOR</subfield>
    <subfield code="b">Editorial Triana </subfield>
    <subfield code="c">xx</subfield>
  </datafield>
  <datafield tag="300" ind1=" " ind2=" ">
    <subfield code="a">104 pag</subfield>
  </datafield>
  <datafield tag="490" ind1=" " ind2=" ">
    <subfield code="3">cubierta blanda </subfield>
  </datafield>
  <datafield tag="520" ind1=" " ind2=" ">
    <subfield code="a">Utop&#xED;a y Barbarie
 
Exploraci&#xF3;n de conocimientos previos
 
- &#xBF;Es posible una relaci&#xF3;n entre literatura y pol&#xED;tica?
- Explica esta expresi&#xF3;n: La poes&#xED;a es un arma cargada de palabras.
- Adem&#xE1;s de la poes&#xED;a en verso, &#xBF;hay otros g&#xE9;neros literarios que aborden temas pol&#xED;ticos?
- &#xBF;Cu&#xE1;l es el g&#xE9;nero m&#xE1;s apto para exponer asuntos relacionados con la pol&#xED;tica?
- &#xBF;Desde cu&#xE1;ndo afloraron temas pol&#xED;ticos en la literatura?
- &#xBF;Qu&#xE9; entorno social y econ&#xF3;mico es el m&#xE1;s propicio para el nacimiento de una literatura pol&#xED;tica?
- &#xBF;Puede haber un teatro pol&#xED;tico?
- &#xBF;Qu&#xE9; temas abordar&#xED;a un teatro pol&#xED;tico?
- &#xBF;Qu&#xE9; temas enfocar&#xED;as si llegaras a escribir una novela de tinte pol&#xED;tico?
- &#xBF;Por qu&#xE9; consideras que la novela es un instrumento para la denuncia social?
- &#xBF;Has le&#xED;do alguna novela con contenido pol&#xED;tico? Indica cu&#xE1;l y explica su contenido.
- &#xBF;Pueden estas novelas de contenido social y pol&#xED;tico confrontar las ideas de utop&#xED;a y barbarie? &#xBF;C&#xF3;mo?
- Relaci&#xF3;n entre literatura y pol&#xED;tica en manifestaciones literarias de diferentes &#xE9;pocas y contextos
 
A lo largo de la historia, las obras literarias han servido para criticar asuntos de &#xED;ndole pol&#xED;tica. Inclusive los autores de tragedia como S&#xF3;focles, Esquilo y Eur&#xED;pides lo hicieron. Criticaron a sus gobernantes a trav&#xE9;s de los di&#xE1;logos de sus obras de teatro. Shakespeare tambi&#xE9;n lo hizo siglos despu&#xE9;s, cuando critic&#xF3; en sus tragedias</subfield>
  </datafield>
  <datafield tag="650" ind1=" " ind2=" ">
    <subfield code="v">el Oto&#xF1;o del Patriarca </subfield>
  </datafield>
  <datafield tag="651" ind1=" " ind2=" ">
    <subfield code="x">EL SE&#xD1;OR PRESIDENTE</subfield>
  </datafield>
  <datafield tag="700" ind1=" " ind2=" ">
    <subfield code="a">Gabriel Garcia M&#xE1;rquez </subfield>
  </datafield>
  <datafield tag="942" ind1=" " ind2=" ">
    <subfield code="2">ddc</subfield>
    <subfield code="c">BKA</subfield>
    <subfield code="n">0</subfield>
  </datafield>
  <datafield tag="952" ind1=" " ind2=" ">
    <subfield code="0">0</subfield>
    <subfield code="1">0</subfield>
    <subfield code="2">ddc</subfield>
    <subfield code="4">0</subfield>
    <subfield code="7">0</subfield>
    <subfield code="a">ISUS</subfield>
    <subfield code="b">ISUS</subfield>
    <subfield code="c">Biblioteca Abierta</subfield>
    <subfield code="d">2026-04-29</subfield>
    <subfield code="e">LECTURA</subfield>
    <subfield code="f">0500</subfield>
    <subfield code="i">0500</subfield>
    <subfield code="l">0</subfield>
    <subfield code="o">Literatura</subfield>
    <subfield code="p">BIBLIO0500</subfield>
    <subfield code="r">2026-04-29 08:53:26</subfield>
    <subfield code="t">1</subfield>
    <subfield code="w">2026-04-29</subfield>
    <subfield code="y">BKA</subfield>
  </datafield>
  <datafield tag="999" ind1=" " ind2=" ">
    <subfield code="c">2081</subfield>
    <subfield code="d">2081</subfield>
  </datafield>
</record>
